Essais sur la mythologie comparée, les traditions et les coutumes / (Record no. 160344)

MARC details
000 -LEADER
campo de control de longitud fija 00685nam a2200181 i 4500
001 - NÚMERO DE CONTROL
campo de control 160344
003 - IDENTIFICADOR DE NÚMERO DE CONTROL
campo de control ES-MaACL
005 - FECHA Y HORA DE LA ÚLTIMA TRANSACCIÓN
campo de control 20230906212016.0
008 - DATOS DE LONGITUD FIJA--INFORMACIÓN GENERAL
campo de control de longitud fija 040921s1873 fr |||| | fre d
040 ## - FUENTE DE CATALOGACIÓN
Centro catalogador/agencia de origen CAM
Lengua de catalogación spa
Centro/agencia transcriptor CAM
100 0# - ENTRADA PRINCIPAL--NOMBRE DE PERSONA
Nombre de persona Müller, Friedrich Max.
9 (RLIN) 84122
245 10 - MENCIÓN DEL TÍTULO
Título Essais sur la mythologie comparée, les traditions et les coutumes /
Mención de responsabilidad, etc. par Max Müller ; ouvrage traduit de l'anglais... par George Perrot.
260 ## - PUBLICACIÓN, DISTRIBUCIÓN, ETC.
Lugar de publicación, distribución, etc. Paris :
Nombre del editor, distribuidor, etc. Didier et C., libraires-éditeurs,
Fecha de publicación, distribución, etc. 1873 (
Lugar de fabricación/manufactura Orléans :
Fabricante Imp. G. Jacob)
300 ## - DESCRIPCIÓN FÍSICA
Extensión VII, 485 p. ;
Dimensiones 19 cm.
650 #4 - PUNTO DE ACCESO ADICIONAL DE MATERIA--TÉRMINO DE MATERIA
Término de materia o nombre geográfico como elemento de entrada Mitología.
9 (RLIN) 15092
700 1# - ENTRADA AGREGADA--NOMBRE PERSONAL
Nombre de persona Perrot, Georges.
9 (RLIN) 91375
852 ## - LOCALIZACIÓN
Ubicación ES-MaACL
Número de control de estantería F-10552
Nota libre -- Enc. pasta española
Holdings
Estatus retirado Estado de pérdida Estado de daño No para préstamo Colección Biblioteca de origen Biblioteca actual Ubicación en estantería Fecha de adquisición Fuente de adquisición Total de préstamos Signatura topográfica completa Código de barras Visto por última vez Precio de reemplazo Tipo de ítem Koha
        Libros del s. XIX Biblioteca del Ateneo de Madrid Biblioteca del Ateneo de Madrid Sala Pecera Planta 2 17/01/2008     F-10552 1167892 23/02/2023 23/02/2023 Libro impreso antiguo